000 00638nam a22002177a 4500
003 DO-SdBNP
005 20211118094739.0
008 211118b2021 ||||| |||| 00| 0 spa d
020 _a9789945096590
040 _aDO-SdBNP
_bspa
_cBNPHU
082 _axxx
_bO69m
100 1 _aOrizondo Meneses, Hugo
_945912
245 _aMemorias de un guajiro cubano /
_cHugo Orizondo Meneses ; Prol. de Lovely Font
250 _a2 da. ed.
260 _aSanto Domingo :
_bMediabyte,
_c2021
300 _a175 p. :
_bil. ;
_c25 cm
590 _aInventariado, 2021 / DG
700 _aFont, Lovely
_ePrólogo
_980665
910 _aD/G
942 _2ddc
_cLBS1
999 _c50990
_d50990